000 00505nam a2200169Ia 4500
005 20250320143156.0
008 231217s9999 xx 000 0 und d
020 _a9788131419793
082 _a332.45 SEA;1 R
100 _aSeal, Jayanta Kumar ed. Bandyopadhyay, Sankhonath.
245 0 _aForex reserves in asia : new realitics and options
250 _a1st ed.
260 _c2008
_bIcfai University press
_aHyderabad
300 _axi, 210
650 _aForex,reserves,asia,realitics
942 _cAA
999 _c185250
_d185250